| 000 | 00425nam a2200181Ia 4500 | ||
|---|---|---|---|
| 005 | 20240823005012.0 | ||
| 008 | 240823s9999||||xx |||||||||||||| ||und|| | ||
| 041 | _aENGLISH | ||
| 082 | _A658 N6 | ||
| 100 | _aMcgrath S J | ||
| 245 | 0 | _aBasic Manageral skills for all | |
| 250 | _a4th | ||
| 260 |
_c1996 _b"PHI,New Delhi" |
||
| 500 | _aYES | ||
| 650 |
_aManagement _bManagement Studies |
||
| 942 | _cBK | ||
| 999 |
_c154474 _d154474 |
||